<?xml version="1.0" encoding="UTF-8"?>
<record
    xmlns:xsi="http://www.w3.org/2001/XMLSchema-instance"
    xsi:schemaLocation="http://www.loc.gov/MARC21/slim http://www.loc.gov/standards/marcxml/schema/MARC21slim.xsd"
    xmlns="http://www.loc.gov/MARC21/slim">

  <leader>00430nam a22001457a 4500</leader>
  <controlfield tag="005">20260225143824.0</controlfield>
  <controlfield tag="008">260225b        |||||||| |||| 00| 0 eng d</controlfield>
  <datafield tag="020" ind1=" " ind2=" ">
    <subfield code="a">978-1-85326-078-0</subfield>
  </datafield>
  <datafield tag="100" ind1=" " ind2=" ">
    <subfield code="a">FLAUBERT, GUSTAVE</subfield>
  </datafield>
  <datafield tag="245" ind1=" " ind2=" ">
    <subfield code="a">MADAME BOVARY</subfield>
  </datafield>
  <datafield tag="260" ind1=" " ind2=" ">
    <subfield code="a">WARE, HERTFORDSHIRE</subfield>
    <subfield code="b">WORDSWORTH EDITIONS LIMITED </subfield>
    <subfield code="c">1994</subfield>
  </datafield>
  <datafield tag="300" ind1=" " ind2=" ">
    <subfield code="a">XXII, 295P.</subfield>
  </datafield>
  <datafield tag="650" ind1=" " ind2=" ">
    <subfield code="a">1. PHYSICIANS' SPOUSES-FICTION 2. ADULTERY- FICTION </subfield>
  </datafield>
  <datafield tag="942" ind1=" " ind2=" ">
    <subfield code="2">lcc</subfield>
    <subfield code="c">BK</subfield>
  </datafield>
  <datafield tag="999" ind1=" " ind2=" ">
    <subfield code="c">216659</subfield>
    <subfield code="d">216659</subfield>
  </datafield>
  <datafield tag="952" ind1=" " ind2=" ">
    <subfield code="0">0</subfield>
    <subfield code="1">0</subfield>
    <subfield code="2">lcc</subfield>
    <subfield code="4">0</subfield>
    <subfield code="6">PQ2246 M2 F553  01994</subfield>
    <subfield code="7">0</subfield>
    <subfield code="8">ARTS</subfield>
    <subfield code="9">375484</subfield>
    <subfield code="a">KSUL</subfield>
    <subfield code="b">KSUL</subfield>
    <subfield code="d">2026-02-25</subfield>
    <subfield code="i">11O670</subfield>
    <subfield code="l">0</subfield>
    <subfield code="o">PQ 2246 .M2 F553 1994</subfield>
    <subfield code="p">A000785</subfield>
    <subfield code="r">2026-02-25 14:39:00</subfield>
    <subfield code="t">1</subfield>
    <subfield code="w">2026-02-25</subfield>
    <subfield code="y">BK</subfield>
  </datafield>
  <datafield tag="952" ind1=" " ind2=" ">
    <subfield code="0">0</subfield>
    <subfield code="1">0</subfield>
    <subfield code="2">lcc</subfield>
    <subfield code="4">0</subfield>
    <subfield code="6">PQ2246 M2 F553  01994</subfield>
    <subfield code="7">0</subfield>
    <subfield code="8">ARTS</subfield>
    <subfield code="9">375492</subfield>
    <subfield code="a">KSUL</subfield>
    <subfield code="b">KSUL</subfield>
    <subfield code="d">2026-02-25</subfield>
    <subfield code="i">11O671</subfield>
    <subfield code="l">0</subfield>
    <subfield code="o">PQ 2246 .M2 F553 1994</subfield>
    <subfield code="p">A000794</subfield>
    <subfield code="r">2026-02-25 14:39:00</subfield>
    <subfield code="t">2</subfield>
    <subfield code="w">2026-02-25</subfield>
    <subfield code="y">BK</subfield>
  </datafield>
  <datafield tag="952" ind1=" " ind2=" ">
    <subfield code="0">0</subfield>
    <subfield code="1">0</subfield>
    <subfield code="2">lcc</subfield>
    <subfield code="4">0</subfield>
    <subfield code="6">PQ2246 M2 F553  01994</subfield>
    <subfield code="7">0</subfield>
    <subfield code="8">ARTS</subfield>
    <subfield code="9">375493</subfield>
    <subfield code="a">KSUL</subfield>
    <subfield code="b">KSUL</subfield>
    <subfield code="d">2026-02-25</subfield>
    <subfield code="i">11O672</subfield>
    <subfield code="l">0</subfield>
    <subfield code="o">PQ 2246 .M2 F553 1994</subfield>
    <subfield code="p">A000793</subfield>
    <subfield code="r">2026-02-25 14:39:00</subfield>
    <subfield code="t">3</subfield>
    <subfield code="w">2026-02-25</subfield>
    <subfield code="y">BK</subfield>
  </datafield>
  <datafield tag="952" ind1=" " ind2=" ">
    <subfield code="0">0</subfield>
    <subfield code="1">0</subfield>
    <subfield code="2">lcc</subfield>
    <subfield code="4">0</subfield>
    <subfield code="6">PQ2246 M2 F553  01994</subfield>
    <subfield code="7">0</subfield>
    <subfield code="8">ARTS</subfield>
    <subfield code="9">375494</subfield>
    <subfield code="a">KSUL</subfield>
    <subfield code="b">KSUL</subfield>
    <subfield code="d">2026-02-25</subfield>
    <subfield code="i">11O673</subfield>
    <subfield code="l">0</subfield>
    <subfield code="o">PQ 2246 .M2 F553 1994</subfield>
    <subfield code="p">A000787</subfield>
    <subfield code="r">2026-02-25 14:39:00</subfield>
    <subfield code="t">4</subfield>
    <subfield code="w">2026-02-25</subfield>
    <subfield code="y">BK</subfield>
  </datafield>
  <datafield tag="952" ind1=" " ind2=" ">
    <subfield code="0">0</subfield>
    <subfield code="1">0</subfield>
    <subfield code="2">lcc</subfield>
    <subfield code="4">0</subfield>
    <subfield code="6">PQ2246 M2 F553  01994</subfield>
    <subfield code="7">0</subfield>
    <subfield code="8">ARTS</subfield>
    <subfield code="9">375495</subfield>
    <subfield code="a">KSUL</subfield>
    <subfield code="b">KSUL</subfield>
    <subfield code="d">2026-02-25</subfield>
    <subfield code="i">111113</subfield>
    <subfield code="l">0</subfield>
    <subfield code="o">PQ 2246 .M2 F553 1994</subfield>
    <subfield code="p">A000789</subfield>
    <subfield code="r">2026-02-25 14:39:00</subfield>
    <subfield code="t">5</subfield>
    <subfield code="w">2026-02-25</subfield>
    <subfield code="y">BK</subfield>
  </datafield>
  <datafield tag="952" ind1=" " ind2=" ">
    <subfield code="0">0</subfield>
    <subfield code="1">0</subfield>
    <subfield code="2">lcc</subfield>
    <subfield code="4">0</subfield>
    <subfield code="6">PQ2246 M2 F553  01994</subfield>
    <subfield code="7">0</subfield>
    <subfield code="8">ARTS</subfield>
    <subfield code="9">375496</subfield>
    <subfield code="a">KSUL</subfield>
    <subfield code="b">KSUL</subfield>
    <subfield code="d">2026-02-25</subfield>
    <subfield code="i">111114</subfield>
    <subfield code="l">0</subfield>
    <subfield code="o">PQ 2246 .M2 F553 1994</subfield>
    <subfield code="p">A000786</subfield>
    <subfield code="r">2026-02-25 14:39:00</subfield>
    <subfield code="t">6</subfield>
    <subfield code="w">2026-02-25</subfield>
    <subfield code="y">BK</subfield>
  </datafield>
  <datafield tag="952" ind1=" " ind2=" ">
    <subfield code="0">0</subfield>
    <subfield code="1">0</subfield>
    <subfield code="2">lcc</subfield>
    <subfield code="4">0</subfield>
    <subfield code="6">PQ2246 M2 F553  01994</subfield>
    <subfield code="7">0</subfield>
    <subfield code="8">ARTS</subfield>
    <subfield code="9">375497</subfield>
    <subfield code="a">KSUL</subfield>
    <subfield code="b">KSUL</subfield>
    <subfield code="d">2026-02-25</subfield>
    <subfield code="i">111115</subfield>
    <subfield code="l">0</subfield>
    <subfield code="o">PQ 2246 .M2 F553 1994</subfield>
    <subfield code="p">A000790</subfield>
    <subfield code="r">2026-02-25 14:39:00</subfield>
    <subfield code="t">7</subfield>
    <subfield code="w">2026-02-25</subfield>
    <subfield code="y">BK</subfield>
  </datafield>
  <datafield tag="952" ind1=" " ind2=" ">
    <subfield code="0">0</subfield>
    <subfield code="1">0</subfield>
    <subfield code="2">lcc</subfield>
    <subfield code="4">0</subfield>
    <subfield code="6">PQ2246 M2 F553  01994</subfield>
    <subfield code="7">0</subfield>
    <subfield code="8">ARTS</subfield>
    <subfield code="9">375499</subfield>
    <subfield code="a">KSUL</subfield>
    <subfield code="b">KSUL</subfield>
    <subfield code="d">2026-02-25</subfield>
    <subfield code="i">111116</subfield>
    <subfield code="l">0</subfield>
    <subfield code="o">PQ 2246 .M2 F553 1994</subfield>
    <subfield code="p">A000791</subfield>
    <subfield code="r">2026-02-25 14:39:00</subfield>
    <subfield code="t">8</subfield>
    <subfield code="w">2026-02-25</subfield>
    <subfield code="y">BK</subfield>
  </datafield>
  <datafield tag="952" ind1=" " ind2=" ">
    <subfield code="0">0</subfield>
    <subfield code="1">0</subfield>
    <subfield code="2">lcc</subfield>
    <subfield code="4">0</subfield>
    <subfield code="6">PQ2246 M2 F553  01994</subfield>
    <subfield code="7">0</subfield>
    <subfield code="8">ARTS</subfield>
    <subfield code="9">375502</subfield>
    <subfield code="a">KSUL</subfield>
    <subfield code="b">KSUL</subfield>
    <subfield code="d">2026-02-25</subfield>
    <subfield code="i">111117</subfield>
    <subfield code="l">0</subfield>
    <subfield code="o">PQ 2246 .M2 F553 1994</subfield>
    <subfield code="p">A000788</subfield>
    <subfield code="r">2026-02-25 14:39:00</subfield>
    <subfield code="t">9</subfield>
    <subfield code="w">2026-02-25</subfield>
    <subfield code="y">BK</subfield>
  </datafield>
</record>
